000 00878nam a2200193 a 4500
001 ASIN0782126561
005 20140614031124.0
008 140614s2000 xxu eng d
020 _a0782126561 (paperback)
_c$34.99
020 _a9780782126563 (paperback)
100 1 _aCourter, Gini.
245 1 0 _aMastering microsoft project 2000 /
_cGini Courter, Annette Marquis.
250 _a1st ed.
260 _a[S.l.] :
_bSybex Books,
_c2000.
300 _a864 p. ;
_c23 cm.
520 _aMicrosoft Project enables users to efficiently plan and manage project information. This guide to the software provides a quick start chapter that gives an overview of the project management process and covers integration with Outlook and other Office applications.
700 1 _aMarquis, Annette.
856 4 0 _3Amazon.com
_uhttp://www.amazon.com/exec/obidos/ASIN/0782126561/chopaconline-20
999 _c6637
_d6637